00719nam a2200241 a 4500001001300000003000900013005001700022008004100039020001000080082001600090100001800106245005900124260004100183300000900224500003500233505001000268650002000278700001800298902000800316942000700324952012900331999001700460nice12345678IN_TiNIC20260116013935.0050524s1994 kuaa grp 000 0 eng  ac19000a297.2bWAD1 aWaddy, Charis aIslamb a Comprehensive Study By a Professed Christian aKualalampurbS a Majeed and Coc1994 a218p aincludes index and biblioraphy2 aindex aIslam-Doctrines1 aWaddy, Charis bSRS cBK 001040708StackRoom-aHMIbHMId2010-10-14g190.00l1o297.2 WAD1p017987r2019-01-18s2018-11-01v190.00w2005-05-24yBK c13197d13197